000 01098nam1a22002291i 4500
001 rc\260887
005 20240723215824.0
035 _a(NLR Aleph) 005629984
090 _a6566901
_c6566901
100 _a20030307g19909999u |0rusy50 ca
101 0 _arus
102 _aRU
105 _ay |||||||||
200 1 _aАктуальные вопросы клинической и теоретической онкологии
_eМатериалы 7-й Конф. онкологов ЛитССР, ЛатвССР, ЭССР, 28-30 марта 1990 г., Паланга
210 _aВильнюс
_cНИИ онкологии
_d1990-
215 _d20
300 _aВ надзаг.: НИИ онкологии Миздрава ЛитССР, Науч. о-во онкологов ЛитССР, Науч. о-во онкологов ЛатвССР, Науч. о-во онкологов ЭССР
712 1 2 _aКонференция онкологов ЛитССР, ЛатвССР и ЭССР
_d7
_f1990
_eПаланга
801 0 _aRU
_bNLR
_gpsbo
801 1 _aRU
_bELAR
_2rusmarc
852 _aNLR
_j90-3/2852
942 _cBOOK